000 005510000a22001810004500
003 MACL
005 20160331152801.0
008 160331b xxu||||| |||| 00| 0 eng d
040 _aMACL
_cMACL
041 _aHindi
082 _a333
100 _aडॉ ऋषिमोहन श्रीवास्‍तव
_949342
245 _aपेडों का विचित्र संसार
260 _bविज्ञान लोक
_c2001
_aदिल्‍ली
350 _a60
650 _aEnvironmental
_949343
942 _cHIN
_k333
_2ddc
999 _c12405
_d12405